What the Dickens! - Statistics

General Stats
  • This quiz has been taken 118 times
  • The average score is 11 of 15
Answer Stats
Hint Answer % Correct
OT Oliver Twist
96%
GE Great Expectations
89%
ATOTC A Tale of Two Cities
88%
DC David Copperfield
84%
NN Nicholas Nickleby
80%
TPP The Pickwick Papers
80%
BH Bleak House
79%
HT Hard Times
72%
LD Little Dorrit
63%
TOCS The Old Curiosity Shop
61%
MC Martin Chuzzlewit
59%
BR Barnaby Rudge
54%
OMF Our Mutual Friend
54%
DAS Dombey and Son
50%
TMOED The Mystery of Edwin Drood
49%
No matching quizzes found
Score Distribution
Percent of People with Each Score
Percentile by Number Answered
Your Score History
You have not taken this quiz